000 00315nam a2200133Ia 4500
008 240624s9999 xx 000 0 und d
041 _aeng
082 _a828 CAR
100 _aCARREL ALEXIS
245 _aMAN THE UNKNOWN
260 _c2010
_aMumbai
_bWilco Publishing House
300 _a296 : p.
365 _cRS
_b25
999 _c23620
_d23620